000
003010000a22001450004500
003
MACL
040
_a
MACL
090
_c
6180
_d
6179
100
_a
Lomperis, Timothy J.
245
_a
Hindu Influence on Greek Philosophy
260
_b
India
350
_a
50
650
_a
Philosophy
942
_c
BOOK
_k
100
999
_c
6132
_d
6132